| 000 | 01308nam a22003015a 4500 | ||
|---|---|---|---|
| 003 | OSt | ||
| 005 | 20171227151501.0 | ||
| 008 | 171227s2015 ua a frb 000 0 ara d | ||
| 017 | _a2012 / 3211 | ||
| 020 | _a9789775053039 | ||
| 040 |
_aEG-ScBUE _bara _cEG-ScBUE |
||
| 041 | 1 |
_aara _heng |
|
| 043 |
_aawba--- _aawgz--- |
||
| 082 | 0 | 4 |
_a320.54095694 _bك ا ر _222 |
| 100 | 1 |
_aكار، وليام جاي، _d1959-1895. |
|
| 245 | 1 | 0 |
_aأحجار على رقعة الشطرنج : _bالمنهج التطبيقي لبروتوكولات حكماء صهيون : هكذا يتلاعب بني صهيون بالعالم / _cوليم جاي كار ؛ إعداد عصام عبد الفتاح. |
| 250 | _aط. 3. | ||
| 260 |
_aالقاهرة : _bشركة الشريف ماس للنشر والتوزيع، _c2015. |
||
| 300 |
_a277 ص. : _bإيض. ؛ _c24 سم. |
||
| 546 | _aالنص باللغة العربية ؛ مترجم من اللغة الإنجليزية. | ||
| 650 | 7 |
_aالصهيونية _xتاريخ. _2BUEsh |
|
| 650 | 7 |
_aالصهيونية واليهودية. _2BUEsh |
|
| 650 | 7 |
_aالنزاع العربي الإسرائيلي. _2BUEsh |
|
| 651 | 7 |
_aإسرائيل _xتاريخ _y1948. _2BUEsh |
|
| 653 |
_bBUSBOL _cDecember2017 |
||
| 700 | 1 |
_aعبد الفتاح، عصام، _eمعد. |
|
| 942 | _2ddc | ||
| 999 |
_c25823 _d25795 |
||